Sports Quiz

Random Sports or NCAA Quiz

WAC Quiz Stats

 Plays Quiz Updated Jul 11, 2018

Score 0/18 Timer 05:00
0 Plays Today
% Correct
New Mexico State
66.6%
Aggies
57%
Chicago State
47.1%
Seattle University
45.3%
Utah Valley
44.5%
Grand Canyon University
44.2%
Cougars
44%
Cal State Bakersfield
40.2%
California Baptist
38.6%
% Correct
Missouri-Kansas City
37.8%
Kangaroos
35.5%
Lancers
33.7%
Roadrunners
33.5%
Texas-Rio Grande Valley
33.4%
Wolverines
32.9%
Antelopes
32.2%
Redhawks
30.7%
Vaqueros
29.8%

You're not logged in!

Compare scores with friends on all Sporcle quizzes.
OR
Log In

Sporcle TV

Today on Sporcle TV


Watch our educational content, quiz creation guides, and fun videos on Sporcle TV.

Show Comments

Extras

Top Quizzes Today


Score Distribution

Your Account Isn't Verified!

In order to create a playlist on Sporcle, you need to verify the email address you used during registration. Go to your Sporcle Settings to finish the process.

Report this User

Report this user for behavior that violates our Community Guidelines.

Details: